| 000 | 00451nam a22001457a 4500 | ||
|---|---|---|---|
| 020 | _a978-1-266-19158-9 | ||
| 082 | _a658.15 | ||
| 100 | _aCorporate Finance | ||
| 245 |
_aCorporate Finance: _bCore Principles and Applications |
||
| 250 | _a7th | ||
| 260 |
_aNew York: _bMcGraw Hill, _c2024. |
||
| 300 | _axxxv, 699p.: ill.; 25cm | ||
| 700 | _aRoss, Stephen A. Westerfield, Randolph, W. Jaffe, Jeffery F. Jordan, Bradford D. & Shue Kelly | ||
| 942 | _cBK | ||
| 999 |
_c22121 _d22121 |
||